[Event "Alberta-ch U20"]
[Site "Edmonton"]
[Date "2010.11.07"]
[Round "5"]
[White "Lacy, Ryan"]
[Black "Nie, Mark"]
[Result "1-0"]
[WhiteElo "1495"]
[BlackElo "1375"]
[PlyCount "40"]
[EventDate "2010.11.06"]
[EventType "swiss"]
[EventRounds "5"]
[EventCountry "CAN"]
[SourceTitle "EXT 2013"]
[Source "ChessBase"]
[SourceDate "2012.11.22"]
[SourceVersion "1"]
[SourceVersionDate "2012.11.22"]
[SourceQuality "1"]

1. e4 c5 2. Nf3 d6 3. d4 cxd4 4. Nxd4 Nf6 5. Nc3 a6 6. Bg5 e6 7. Bd3 Nc6 8. Nxc6 bxc6 9. 0-0 Be7 10. Re1 0-0 11. e5 dxe5 12. Rxe5 Nd7 13. Bxe7 Qxe7 14. Re3 Bb7 15. Qh5 f5 16. Rae1 Nf6 17. Qe2 Qf7 18. Bc4 Qg6 19. Rxe6 Kh8 20. Qe5 Rfe8 1-0

[Event "Alberta-ch U20"]
[Site "Edmonton"]
[Date "2010.11.07"]
[Round "4"]
[White "Wang, Richard"]
[Black "Lacy, Ryan"]
[Result "1/2-1/2"]
[WhiteElo "2282"]
[BlackElo "1495"]
[PlyCount "82"]
[EventDate "2010.11.06"]
[EventType "swiss"]
[EventRounds "5"]
[EventCountry "CAN"]
[SourceTitle "EXT 2013"]
[Source "ChessBase"]
[SourceDate "2012.11.22"]
[SourceVersion "1"]
[SourceVersionDate "2012.11.22"]
[SourceQuality "1"]

1. d4 d5 2. Nf3 e6 3. e3 Nf6 4. Bd3 c5 5. b3 Nc6 6. 0-0 Bd6 7. Bb2 Qc7 8. c4 b6 9. Nc3 a6 10. Rc1 Nb4 11. Bb1 dxc4 12. bxc4 Bb7 13. a3 Nc6 14. Qe2 cxd4 15. exd4 Ne7 16. Ne4 Nxe4 17. Bxe4 0-0 18. g3 Bxe4 19. Qxe4 Qc6 20. d5 exd5 21. Qg4 g6 22. cxd5 Qb5 23. Qd4 f6 24. Rfe1 Nf5 25. Qd2 Rfe8 26. Re6 Rxe6 27. dxe6 Qb3 28. Nd4 Qd5 29. Rd1 Nxd4 30. Qxd4 Qxd4 31. Bxd4 Re8 32. Re1 Bxa3 33. Bxb6 Bb4 34. Re2 a5 35. Bd4 f5 36. h3 Kf8 37. Bf6 Be7 38. Bd4 Bb4 39. Bf6 Be7 40. Be5 Bb4 41. Bf6 Be7 1/2-1/2